000 01076nam a2200217Ia 4500
001 10491
003 GE_BSU
008 181216s||||||||xx |||||||||||||| ||und||
040 _cGE_BSU
080 _a821.353.1-1
245 _aქართული პოეზია. 15 ტომად:ტ.3.თეიმურაზ პირველი,არჩილი
245 _cსარედ. კოლ.: გრ. აბაშიძე, ან. კალანდაძე, მ. ლებანიძე და სხვ.ტომი შეადგ.სარგის ცაიშვილმა.წინასიტყვ.ალ.ბარამიძისა.მხატვ.დ.დუნდუა.რედ ა. ბრეგაძე
260 _aთბილისი
260 _bნაკადული
260 _c1975
300 _a594გვ.18სმ.
300 _cლექსიკონი გვ.522-592
653 _aთეიმურაზ პირველი,არჩილი
653 _aქართული პოეზია
942 _cBK
999 _c43746
_d43746